[Event "FICGS class M 000081 email"]
[Site "FICGS email"]
[Date "2018.12.07"]
[Round "1"]
[White "Cleto, Dirceu Jr"]
[Black "Proietti, Costantino"]
[Result "1/2-1/2"]
[WhiteElo "2288"]
[BlackElo "2277"]
[PlyCount "49"]
[EventDate "2018.??.??"]
[EventType "tourn (corr)"]
[EventRounds "6"]
[SourceTitle "Corr 2022"]
[Source "ChessBase"]
[SourceDate "2021.10.24"]
[SourceVersion "1"]
[SourceVersionDate "2021.10.24"]
[SourceQuality "1"]

1. e4 e5 2. Nf3 Nc6 3. Bb5 a6 4. Ba4 Nf6 5. 0-0 Be7 6. Re1 b5 7. Bb3 0-0 8. c3 d5 9. exd5 Nxd5 10. Nxe5 Nxe5 11. Rxe5 c6 12. d4 Bd6 13. Re1 Qh4 14. g3 Qh3 15. Qe2 Bg4 16. Qf1 Qh5 17. Nd2 Rae8 18. f3 Bh3 19. Qf2 Rxe1+ 20. Qxe1 Bf4 21. Qe2 Be3+ 22. Kh1 Re8 23. Nf1 Bxf1 24. Qxf1 Kf8 25. Bc2 1/2-1/2

[Event "FICGS class SM 000020 email"]
[Site "FICGS email"]
[Date "2016.11.25"]
[Round "1"]
[White "Kruse, Herbert"]
[Black "Proietti, Costantino"]
[Result "1-0"]
[WhiteElo "2512"]
[BlackElo "2261"]
[PlyCount "57"]
[EventDate "2016.??.??"]
[EventType "tourn (corr)"]
[EventRounds "6"]
[EventCategory "7"]
[SourceTitle "Corr 2022"]
[Source "ChessBase"]
[SourceDate "2021.10.24"]
[SourceVersion "1"]
[SourceVersionDate "2021.10.24"]
[SourceQuality "1"]

1. Nf3 c5 2. e4 d6 3. d4 cxd4 4. Nxd4 Nf6 5. Nc3 Nc6 6. Bg5 e6 7. Qd2 a6 8. Nxc6 bxc6 9. 0-0-0 d5 10. Qe3 Be7 11. Bxf6 gxf6 12. Bc4 Bb7 13. Rhe1 Qc7 14. Bb3 0-0 15. exd5 cxd5 16. Bxd5 Bc5 17. Qh6 exd5 18. Rxd5 Rae8 19. Ne4 Qe7 20. Nxf6+ Qxf6 21. Qxf6 Rxe1+ 22. Kd2 Bxd5 23. Qg5+ Kh8 24. Kxe1 Re8+ 25. Kd2 Be7 26. Qxd5 Rd8 27. Qxd8+ Bxd8 28. Kd3 f5 29. b4 1-0

[Event "FICGS class SM 000020 email"]
[Site "FICGS email"]
[Date "2016.11.25"]
[Round "1"]
[White "Proietti, Costantino"]
[Black "Germanes, Ramil"]
[Result "1/2-1/2"]
[WhiteElo "2261"]
[BlackElo "2358"]
[PlyCount "37"]
[EventDate "2016.??.??"]
[EventType "tourn (corr)"]
[EventRounds "6"]
[EventCategory "7"]
[SourceTitle "Corr 2022"]
[Source "ChessBase"]
[SourceDate "2021.10.24"]
[SourceVersion "1"]
[SourceVersionDate "2021.10.24"]
[SourceQuality "1"]

1. e4 e5 2. Nf3 Nc6 3. Bb5 g6 4. c3 a6 5. Bxc6 dxc6 6. d4 exd4 7. cxd4 Bg7 8. Nc3 Bg4 9. 0-0 Qf6 10. Qb3 Bxf3 11. Qxb7 Rd8 12. Qxc7 Ne7 13. gxf3 Qxf3 14. Bg5 f6 15. Be3 f5 16. Bg5 Rd7 17. Qb8+ Kf7 18. Qb3+ Ke8 19. Qb8+ 1/2-1/2

[Event "FICGS class M 000068 email"]
[Site "FICGS email"]
[Date "2014.06.30"]
[Round "1"]
[White "Larwinski, Paul"]
[Black "Proietti, Costantino"]
[Result "1/2-1/2"]
[WhiteElo "2232"]
[BlackElo "2207"]
[PlyCount "71"]
[EventDate "2014.??.??"]
[EventType "tourn (corr)"]
[EventRounds "6"]
[SourceTitle "Corr 2022"]
[Source "ChessBase"]
[SourceDate "2021.10.24"]
[SourceVersion "1"]
[SourceVersionDate "2021.10.24"]
[SourceQuality "1"]

1. e4 c5 2. Nf3 Nc6 3. d4 cxd4 4. Nxd4 e5 5. Nb5 d6 6. N1c3 a6 7. Na3 Be7 8. Nc4 b5 9. Ne3 Nf6 10. Bd3 Nb4 11. Be2 0-0 12. 0-0 Be6 13. a3 Nc6 14. Ned5 Nd4 15. Bd3 Rb8 16. Be3 Re8 17. Qd2 Nxd5 18. Nxd5 Nf5 19. Nxe7+ Nxe7 20. a4 d5 21. exd5 Nxd5 22. axb5 axb5 23. Rfd1 Nxe3 24. Qxe3 Qf6 25. Ra5 Bc4 26. Be4 g6 27. b3 Be6 28. h3 Bf5 29. Qf3 Qb6 30. b4 Bxe4 31. Qxe4 Rbc8 32. Rd5 Qc7 33. Raxb5 Qxc2 34. Qxc2 Rxc2 35. Rxe5 Rd8 36. Rbd5 1/2-1/2

[Event "FICGS class M 000068 email"]
[Site "FICGS email"]
[Date "2014.06.30"]
[Round "1"]
[White "Proietti, Costantino"]
[Black "Simmelink, Joop Theo"]
[Result "1/2-1/2"]
[WhiteElo "2207"]
[BlackElo "2258"]
[PlyCount "55"]
[EventDate "2014.??.??"]
[EventType "tourn (corr)"]
[EventRounds "6"]
[SourceTitle "Corr 2022"]
[Source "ChessBase"]
[SourceDate "2021.10.24"]
[SourceVersion "1"]
[SourceVersionDate "2021.10.24"]
[SourceQuality "1"]

1. e4 e5 2. Nf3 Nc6 3. Bb5 a6 4. Ba4 Nf6 5. 0-0 Be7 6. Re1 b5 7. Bb3 0-0 8. h3 Bb7 9. d3 d5 10. exd5 Nxd5 11. Nxe5 Nd4 12. Bd2 c5 13. Nc3 Nxb3 14. axb3 Nb4 15. Ne4 f5 16. Ng3 Qd5 17. Nf3 Qd7 18. Bxb4 cxb4 19. d4 Rac8 20. Qd3 g6 21. c4 bxc3 22. bxc3 Bf6 23. b4 Qd6 24. Ra3 Kg7 25. Ne5 Qd5 26. Qf3 Qxf3 27. Nxf3 Rfe8 28. Kf1 1/2-1/2

[Event "FICGS class M 000068 email"]
[Site "FICGS email"]
[Date "2014.06.30"]
[Round "1"]
[White "Soszynski, Marek J"]
[Black "Proietti, Costantino"]
[Result "1/2-1/2"]
[WhiteElo "2262"]
[BlackElo "2207"]
[PlyCount "77"]
[EventDate "2014.??.??"]
[EventType "tourn (corr)"]
[EventRounds "6"]
[SourceTitle "Corr 2022"]
[Source "ChessBase"]
[SourceDate "2021.10.24"]
[SourceVersion "1"]
[SourceVersionDate "2021.10.24"]
[SourceQuality "1"]

1. d4 d5 2. c4 e6 3. Nc3 c6 4. Nf3 Nf6 5. Bg5 dxc4 6. e4 b5 7. e5 h6 8. Bh4 g5 9. Nxg5 hxg5 10. Bxg5 Nbd7 11. exf6 Bb7 12. g3 c5 13. d5 Nxf6 14. Bg2 Bh6 15. Bxf6 Qxf6 16. 0-0 0-0-0 17. Nxb5 a6 18. Nc3 exd5 19. Na4 Bc6 20. Re1 Kb7 21. Qc2 Ka7 22. Rad1 Bg7 23. Nxc5 Bf8 24. Na4 Bb4 25. Re2 Rd7 26. a3 Be7 27. h4 Rhd8 28. b3 Bxa4 29. bxa4 Bxa3 30. Red2 Bc5 31. Rxd5 Rxd5 32. Rxd5 Rxd5 33. Bxd5 Qe5 34. Bg2 Qe1+ 35. Kh2 Bxf2 36. Qxc4 Bxg3+ 37. Kh3 Qe3 38. Qe4 Qxe4 39. Bxe4 1/2-1/2

[Event "FICGS class M 000068 email"]
[Site "FICGS email"]
[Date "2014.06.30"]
[Round "1"]
[White "Tkac, Matus"]
[Black "Proietti, Costantino"]
[Result "0-1"]
[WhiteElo "2202"]
[BlackElo "2207"]
[PlyCount "44"]
[EventDate "2014.??.??"]
[EventType "tourn (corr)"]
[EventRounds "6"]
[SourceTitle "Corr 2022"]
[Source "ChessBase"]
[SourceDate "2021.10.24"]
[SourceVersion "1"]
[SourceVersionDate "2021.10.24"]
[SourceQuality "1"]

1. Nf3 Nf6 2. c4 e6 3. Nc3 Bb4 4. Qc2 0-0 5. a3 Bxc3 6. Qxc3 d6 7. e3 e5 8. d4 exd4 9. Nxd4 c5 10. Nf3 Nc6 11. b3 Ne4 12. Qc2 Qa5+ 13. Nd2 Nd4 14. Qb2 Re8 15. b4 Qd8 16. Nxe4 Rxe4 17. Bd3 Re6 18. h4 Re8 19. Qc3 Bf5 20. Bb2 Bxd3 21. Qxd3 Nc6 22. Rd1 Rc8 0-1

[Event "FICGS class M 000067 email"]
[Site "FICGS email"]
[Date "2014.05.25"]
[Round "1"]
[White "Koslowski, Volker"]
[Black "Proietti, Costantino"]
[Result "1/2-1/2"]
[WhiteElo "2209"]
[BlackElo "2207"]
[PlyCount "72"]
[EventDate "2014.??.??"]
[EventType "tourn (corr)"]
[EventRounds "6"]
[SourceTitle "Corr 2022"]
[Source "ChessBase"]
[SourceDate "2021.10.24"]
[SourceVersion "1"]
[SourceVersionDate "2021.10.24"]
[SourceQuality "1"]

1. e4 c5 2. Nf3 Nc6 3. d4 cxd4 4. Nxd4 Nf6 5. Nc3 d6 6. Bg5 e6 7. Qd2 a6 8. 0-0-0 Bd7 9. f4 h6 10. Bh4 b5 11. Bxf6 gxf6 12. Kb1 Qb6 13. Nce2 h5 14. Qd3 Ne7 15. g3 Rc8 16. c3 h4 17. Bg2 a5 18. Nc2 Nc6 19. Ne3 Qc5 20. Rc1 a4 21. a3 Na5 22. Bf3 Nc4 23. Nd4 Nxe3 24. Qxe3 e5 25. Nc2 Qxe3 26. Nxe3 Be6 27. Rce1 Ke7 28. Bd1 Bh6 29. Rhf1 Rc5 30. Bc2 Ke8 31. Rd1 Ke7 32. Rf3 exf4 33. gxf4 Rg8 34. Re1 Kd8 35. Ka1 Kc7 36. Ref1 Bg4 1/2-1/2

[Event "FICGS class M 000067 email"]
[Site "FICGS email"]
[Date "2014.05.25"]
[Round "1"]
[White "Simmelink, Joop Theo"]
[Black "Proietti, Costantino"]
[Result "1/2-1/2"]
[WhiteElo "2258"]
[BlackElo "2207"]
[PlyCount "55"]
[EventDate "2014.??.??"]
[EventType "tourn (corr)"]
[EventRounds "6"]
[SourceTitle "Corr 2022"]
[Source "ChessBase"]
[SourceDate "2021.10.24"]
[SourceVersion "1"]
[SourceVersionDate "2021.10.24"]
[SourceQuality "1"]

1. e4 c5 2. Nf3 Nc6 3. d4 cxd4 4. Nxd4 e6 5. Nc3 Nf6 6. Ndb5 d6 7. Bf4 e5 8. Bg5 a6 9. Na3 b5 10. Bxf6 gxf6 11. Nd5 f5 12. Bd3 Be6 13. c3 Bg7 14. Nxb5 axb5 15. Bxb5 Rc8 16. Qa4 Bd7 17. exf5 0-0 18. 0-0 e4 19. Rfe1 Ne5 20. Bxd7 Nxd7 21. Qxe4 Nf6 22. Ne7+ Kh8 23. Qf3 Rc5 24. b4 Rc4 25. Rad1 Qc7 26. Rd3 Re8 27. Rde3 Bf8 28. Nd5 1/2-1/2

[Event "FICGS rapid silver 000143 email"]
[Site "FICGS email"]
[Date "2014.02.21"]
[Round "1"]
[White "Kruse, Herbert"]
[Black "Proietti, Costantino"]
[Result "1-0"]
[WhiteElo "2519"]
[BlackElo "2187"]
[PlyCount "147"]
[EventDate "2014.??.??"]
[EventType "match (rapid)"]
[EventRounds "2"]
[SourceTitle "Corr 2022"]
[Source "ChessBase"]
[SourceDate "2021.10.24"]
[SourceVersion "1"]
[SourceVersionDate "2021.10.24"]
[SourceQuality "1"]

1. Nf3 Nf6 2. g3 d5 3. Bg2 c6 4. 0-0 Nbd7 5. d4 g6 6. c4 dxc4 7. Qc2 Bg7 8. Qxc4 Nb6 9. Qb3 0-0 10. Nc3 Be6 11. Qd1 Bf5 12. Ng5 h6 13. e4 Bg4 14. f3 Ne8 15. e5 Bf5 16. Nge4 Nc7 17. Nc5 Rb8 18. Rf2 Nbd5 19. g4 Bc8 20. f4 f6 21. Qe2 f5 22. gxf5 Bxf5 23. Bd2 h5 24. Be4 b6 25. Bxf5 Rxf5 26. N5e4 Ne6 27. Raf1 Bh6 28. Qc4 Kh8 29. Ne2 Rc8 30. Kh1 Qe8 31. b4 Rd8 32. Qd3 Qg8 33. N4g3 Rf7 34. Qc4 Qe8 35. Qc2 Rh7 36. Ne4 Ndc7 37. a4 Nd5 38. Rg2 Rg7 39. Rff2 Ndc7 40. Rg3 Nxd4 41. Nxd4 Rxd4 42. Bc3 Rxe4 43. Qxe4 e6 44. Bd2 Nd5 45. Rf1 Kh7 46. a5 Rg8 47. Qc2 Rg7 48. Rh3 Kg8 49. f5 Bxd2 50. f6 Ne3 51. Rxe3 Bxe3 52. fxg7 Kxg7 53. Qd3 Bg5 54. Qd6 Qa8 55. Kg1 bxa5 56. bxa5 a6 57. Qxe6 Qa7+ 58. Kg2 Qb7 59. Kh3 c5 60. Rf2 Bh4 61. Kxh4 Qe4+ 62. Kh3 Qe3+ 63. Kg2 Qe4+ 64. Rf3 Qe2+ 65. Kg3 h4+ 66. Kf4 Qd2+ 67. Re3 Qxh2+ 68. Kf3 Qg3+ 69. Ke4 Qg2+ 70. Kd3 Qf1+ 71. Kd2 Qf2+ 72. Re2 Qd4+ 73. Kc2 h3 74. Qxh3 1-0

[Event "FICGS rapid M 000055 email"]
[Site "FICGS email"]
[Date "2012.06.06"]
[Round "1"]
[White "Proietti, Costantino"]
[Black "Fric, Lubos"]
[Result "1/2-1/2"]
[WhiteElo "2102"]
[BlackElo "2196"]
[PlyCount "31"]
[EventDate "2012.??.??"]
[EventType "tourn (rapid)"]
[EventRounds "6"]
[SourceTitle "Corr 2022"]
[Source "ChessBase"]
[SourceDate "2021.10.24"]
[SourceVersion "1"]
[SourceVersionDate "2021.10.24"]
[SourceQuality "1"]

1. d4 d5 2. c4 e6 3. Nc3 Bb4 4. e3 Nf6 5. Nf3 0-0 6. Bd3 c5 7. 0-0 Nc6 8. a3 Bxc3 9. bxc3 Qc7 10. Bb2 dxc4 11. Bxc4 e5 12. h3 Bf5 13. Qe2 Rfd8 14. Bb5 e4 15. Nd2 Bg6 16. Rfc1 1/2-1/2

[Event "FICGS rapid M 000053 email"]
[Site "FICGS email"]
[Date "2012.05.01"]
[Round "1"]
[White "Kuster, Zeljko"]
[Black "Proietti, Costantino"]
[Result "1/2-1/2"]
[WhiteElo "2151"]
[BlackElo "2102"]
[PlyCount "61"]
[EventDate "2012.??.??"]
[EventType "tourn (rapid)"]
[EventRounds "6"]
[SourceTitle "Corr 2022"]
[Source "ChessBase"]
[SourceDate "2021.10.24"]
[SourceVersion "1"]
[SourceVersionDate "2021.10.24"]
[SourceQuality "1"]

1. c4 Nf6 2. g3 e6 3. Bg2 d5 4. Nf3 Nc6 5. 0-0 d4 6. d3 Bc5 7. Nbd2 a5 8. Nb3 Be7 9. e3 dxe3 10. Bxe3 Ng4 11. Bc5 0-0 12. Bxe7 Qxe7 13. a4 Bd7 14. d4 b6 15. Ne1 Qg5 16. Nd3 Rad8 17. h3 Nh6 18. Re1 Nf5 19. d5 Nce7 20. Ne5 exd5 21. cxd5 Bc8 22. Nd4 Bb7 23. h4 Qf6 24. Nxf5 Qxf5 25. Be4 Qc8 26. Qc2 f5 27. Bg2 Bxd5 28. Rad1 f4 29. Bxd5+ Rxd5 30. Rxd5 Nxd5 31. Qc4 1/2-1/2

[Event "FICGS rapid M 000053 email"]
[Site "FICGS email"]
[Date "2012.05.01"]
[Round "1"]
[White "Proietti, Costantino"]
[Black "Fric, Lubos"]
[Result "1/2-1/2"]
[WhiteElo "2102"]
[BlackElo "2196"]
[PlyCount "29"]
[EventDate "2012.??.??"]
[EventType "tourn (rapid)"]
[EventRounds "6"]
[SourceTitle "Corr 2022"]
[Source "ChessBase"]
[SourceDate "2021.10.24"]
[SourceVersion "1"]
[SourceVersionDate "2021.10.24"]
[SourceQuality "1"]

1. e4 e5 2. Nf3 Nc6 3. d4 exd4 4. Nxd4 Bc5 5. Nxc6 Qf6 6. Qf3 dxc6 7. Qxf6 Nxf6 8. f3 Be6 9. Nd2 0-0-0 10. Nb3 Bb6 11. Bd2 Rhe8 12. 0-0-0 Nd7 13. Be2 f6 14. Bc3 Be3+ 15. Bd2 1/2-1/2

[Event "FICGS rapid A 000120 email"]
[Site "FICGS email"]
[Date "2012.01.29"]
[Round "1"]
[White "Proietti, Costantino"]
[Black "Cade, Stephen"]
[Result "1/2-1/2"]
[WhiteElo "2047"]
[BlackElo "2046"]
[PlyCount "57"]
[EventDate "2012.??.??"]
[EventType "tourn (rapid)"]
[EventRounds "6"]
[SourceTitle "Corr 2022"]
[Source "ChessBase"]
[SourceDate "2021.10.24"]
[SourceVersion "1"]
[SourceVersionDate "2021.10.24"]
[SourceQuality "1"]

1. d4 Nf6 2. c4 g6 3. Nc3 d5 4. Bf4 Bg7 5. e3 c5 6. dxc5 Qa5 7. Rc1 dxc4 8. Bxc4 0-0 9. Nf3 Qxc5 10. Bb3 Qa5 11. h3 Ne4 12. 0-0 Nxc3 13. bxc3 Nd7 14. Bg5 Re8 15. Bc4 Nb6 16. Bb3 Bd7 17. c4 Rad8 18. c5 Na4 19. Ne5 Be6 20. Qc2 Bxe5 21. Bxa4 Rd2 22. Qxd2 Qxd2 23. Bxe8 f6 24. Rfd1 Qxa2 25. Bh6 Qa5 26. Rb1 a6 27. g3 g5 28. Bh5 Bc8 29. Bf3 1/2-1/2

[Event "FICGS rapid A 000120 email"]
[Site "FICGS email"]
[Date "2012.01.29"]
[Round "1"]
[White "Proietti, Costantino"]
[Black "Riha, Josef"]
[Result "1-0"]
[WhiteElo "2047"]
[BlackElo "2003"]
[PlyCount "73"]
[EventDate "2012.??.??"]
[EventType "tourn (rapid)"]
[EventRounds "6"]
[SourceTitle "Corr 2022"]
[Source "ChessBase"]
[SourceDate "2021.10.24"]
[SourceVersion "1"]
[SourceVersionDate "2021.10.24"]
[SourceQuality "1"]

1. e4 c6 2. d4 d5 3. e5 c5 4. dxc5 e6 5. Be3 Nh6 6. Nf3 Nd7 7. Bxh6 gxh6 8. c4 Bg7 9. cxd5 Nxe5 10. Nc3 0-0 11. Nxe5 Bxe5 12. Qg4+ Kh8 13. d6 Qa5 14. Qc4 b5 15. Qd3 Qb4 16. Rd1 Qxc5 17. Be2 Bb7 18. 0-0 b4 19. Na4 Qa5 20. Qe3 Rg8 21. g3 Bf6 22. Nc5 Bc6 23. d7 Qxa2 24. Bf3 Bxf3 25. Qxf3 Kg7 26. Rd2 Rab8 27. Qg4+ Kh8 28. Qf4 Kg7 29. Ne4 Be7 30. Nd6 Bxd6 31. Qxd6 Qa5 32. Rd4 Rbd8 33. Rg4+ Kh8 34. Rxg8+ Kxg8 35. Rc1 Kg7 36. Rc4 Qf5 37. Qe7 1-0

[Event "FICGS W-ch st1 g23 email"]
[Site "FICGS email"]
[Date "2012.01.15"]
[Round "1"]
[White "Pech, Jaroslav Sr"]
[Black "Proietti, Costantino"]
[Result "0-1"]
[WhiteElo "644"]
[BlackElo "2047"]
[PlyCount "22"]
[EventDate "2012.??.??"]
[EventType "tourn (corr)"]
[EventRounds "8"]
[SourceTitle "Corr 2022"]
[Source "ChessBase"]
[SourceDate "2021.10.24"]
[SourceVersion "1"]
[SourceVersionDate "2021.10.24"]
[SourceQuality "1"]

1. e4 c5 2. Nf3 Nc6 3. d4 cxd4 4. Nxd4 e5 5. Nb5 d6 6. N1c3 a6 7. Na3 Be7 8. Nc4 Nf6 9. Bg5 Bg4 10. Be2 Bxe2 11. Qxe2 b5 0-1

[Event "FICGS class A 000111 email"]
[Site "FICGS email"]
[Date "2011.11.21"]
[Round "1"]
[White "Mevel, Alberic"]
[Black "Proietti, Costantino"]
[Result "1/2-1/2"]
[WhiteElo "2146"]
[BlackElo "2000"]
[PlyCount "48"]
[EventDate "2011.??.??"]
[EventType "game (corr)"]
[SourceTitle "Corr 2022"]
[Source "ChessBase"]
[SourceDate "2021.10.24"]
[SourceVersion "1"]
[SourceVersionDate "2021.10.24"]
[SourceQuality "1"]

1. e4 c5 2. Nf3 Nc6 3. Bb5 e6 4. Bxc6 bxc6 5. d3 Ne7 6. Qe2 d5 7. b3 Ng6 8. e5 Be7 9. Nbd2 Nf4 10. Qf1 Qa5 11. Bb2 c4 12. dxc4 Ba6 13. g3 dxc4 14. gxf4 c3 15. Bxc3 Qxc3 16. Qxa6 Qxa1+ 17. Ke2 Qc3 18. Qc4 Qxc4+ 19. Nxc4 0-0-0 20. c3 Kc7 21. h4 h5 22. Nfd2 Rd5 23. Ne4 a5 24. Ke3 Rhd8 1/2-1/2

[Event "FICGS class A 000111 email"]
[Site "FICGS email"]
[Date "2011.11.21"]
[Round "1"]
[White "Simashkevitch, Mykola"]
[Black "Proietti, Costantino"]
[Result "1/2-1/2"]
[WhiteElo "2043"]
[BlackElo "2000"]
[PlyCount "106"]
[EventDate "2011.??.??"]
[EventType "game (corr)"]
[SourceTitle "Corr 2022"]
[Source "ChessBase"]
[SourceDate "2021.10.24"]
[SourceVersion "1"]
[SourceVersionDate "2021.10.24"]
[SourceQuality "1"]

1. e4 e5 2. Nf3 Nc6 3. d4 exd4 4. Nxd4 Nf6 5. Nxc6 bxc6 6. e5 Qe7 7. Qe2 Nd5 8. c4 Ba6 9. b3 Qh4 10. a3 Bc5 11. g3 Bxf2+ 12. Qxf2 Qe4+ 13. Kd1 Qxh1 14. Nd2 f6 15. e6 0-0-0 16. Kc2 dxe6 17. Nf3 c5 18. Be2 Ne3+ 19. Qxe3 Bb7 20. Bb2 Qg2 21. Rg1 Qh3 22. g4 Rhf8 23. Bc1 g5 24. Rg3 Qh6 25. Qxc5 a6 26. Nd4 Be4+ 27. Kb2 f5 28. gxf5 exf5 29. Bxg5 Qd6 30. Qxd6 Rxd6 31. Kc3 f4 32. Rh3 Bg2 33. Be7 Rxd4 34. Bxf8 Rd8 35. Bg4+ Kb8 36. Bc5 Bxh3 37. Bxh3 Re8 38. Bg4 Re1 39. Bf3 Rf1 40. Be4 Re1 41. Bxh7 Rh1 42. Be4 Rxh2 43. Kd4 Rd2+ 44. Ke5 f3 45. Bxf3 Rd3 46. Bc6 Rxb3 47. a4 Rh3 48. Bd4 Kc8 49. Kd5 Rh5+ 50. Be5 Rh6 51. Bg3 Rh5+ 52. Kd4 Rh6 53. Bf3 Rg6 1/2-1/2

[Event "SEMI A051 email"]
[Site "SEMI email"]
[Date "2004.11.08"]
[Round "?"]
[White "Proietti, Costantino"]
[Black "Silva, Avelino Jose Branqu"]
[Result "1-0"]
[WhiteElo "1805"]
[BlackElo "1971"]
[PlyCount "41"]
[EventDate "2004.11.08"]
[EventType "tourn (corr)"]
[EventRounds "6"]
[EventCountry "ITA"]
[SourceTitle "Corr 2008"]
[Source "ChessBase"]
[SourceDate "2008.06.24"]
[SourceVersion "1"]
[SourceVersionDate "2008.06.24"]
[SourceQuality "1"]

1. e4 c6 2. d4 d5 3. exd5 cxd5 4. c4 Nf6 5. Nc3 e6 6. Nf3 Nc6 7. cxd5 exd5 8. Bd3 Be7 9. h3 0-0 10. 0-0 Be6 11. Re1 Rc8 12. Bf4 Re8 13. Rc1 a6 14. a3 Nd7 15. Bb1 Nb6 16. Bd3 g6 17. Ne5 Nxd4 18. Bxg6 hxg6 19. Qxd4 Bf6 20. b3 Nd7 21. Qd2 1-0